|
|
|
|
| LEADER |
00000nam a22000007a 4500 |
| 005 |
20161217204951.0 |
| 007 |
cr|||| |||| |
| 008 |
161217s2010 es |||||s|||| 00||0 spa d |
| 020 |
|
|
|a 978-84-9123-052-6
|
| 035 |
|
|
|a 14709
|
| 040 |
|
|
|a vLex
|
| 090 |
|
|
|c 6513
|d 6513
|
| 100 |
1 |
|
|a Aldecoa Luzr̀raga, Francisco
|
| 245 |
1 |
2 |
|a La Europa que viene: el tratado de Lisboa (Segunda edicin̤)
|h [Recurso electrn̤ico] /
|c Francisco Aldecoa Luzr̀raga, Mercedes Guinea Llorente
|
| 250 |
|
|
|a Segunda edicin̤
|
| 256 |
|
|
|a Servicio en ln̕ea
|
| 260 |
|
|
|a Madrid:
|b Marcial Pons,
|c 2010
|
| 300 |
|
|
|a 1 recurso electrn̤ico
|
| 500 |
|
|
|a Dos aǫs despuš de su firma, el Tratado de Lisboa va a entrar finalmente en vigor el 1 de diciembre de 2009. En este tiempo, y con el sobresalto del referňdum irlandš, muchos pensaron que constituira̕ un fracaso ms̀. El pesimismo y la sensacin̤ de la imposibilidad de avanzar han reinado por mucho tiempo en la Unin̤ . El ambiente ahora, en cambio, es el contrario. Al despejarse la incg̤nita de Lisboa, progresivamente se ha ido abriendo paso el optimismo, ratificado adems̀ por el acuerdo de los veintisiete en los primeros nombramientos y las primeras reformas. Europa se mueve otra vez, y a una velocidad de vřtigo, y los ciudadanos podemos verlo. La primera edicin̤ de este libro, que plantea un anl̀isis polt̕icio del Tratado de Lisboa, vio la luz en la primavera de 2008, pocos da̕s antes del primer referňdum irlandš que paralizara̕ su vigencia. Ahora, en el momento de entrar en vigor, presentamos su segunda edicin̤ tras el x̌ito de la primera. Incluso este trabajo va a publicarse en otros idiomas, estando ya lista para su prx̤ima edicin̤ en rumano. Esta segunda edicin̤ recoge intacto el texto de la primera, pero adems̀ se le han aądido algunas actualizaciones. En primer lugar, se recoge una "Addenda", donde se expone y analiza el proceso polt̕ico europeo de los aǫs 2008 y 2009, as ̕como los trabajos preparatorios de los l︢timos meses para la vigencia y aplicacin̤ del Tratado de Lisboa. Adems̀, se incluye una bibliografa̕ complementaria, as ̕como nuevos textos polt̕icos, esenciales para comprender las l︢timas decisiones europeas que han hecho posible que el Tratado de Lisboa se convierta en la base constitucional de la Unin̤ Europea.
|
| 506 |
1 |
|
|a Disponible solo en los productos indicados
|d vLex Global
|d vLex Global (Academic Edition, excluding Law Schools)
|d vLex Global (U.S. Academic Edition, Law Schools)
|d vLex Global (U.S. Academic Edition, excluding Law Schools)
|d vLex Global (Academic Edition, Law Schools)
|
| 650 |
0 |
4 |
|a Derecho Comunitario
|z Espaą
|
| 700 |
1 |
|
|a Guinea Llorente, Mercedes
|
| 740 |
0 |
|
|a vLex Libros (Servicio en ln̕ea)
|
| 856 |
4 |
0 |
|u http://vlex.com/source/europa-que-viene-el-tratado-de-lisboa-segunda-edicion--14709
|z Acceso restringido
|
| 942 |
|
|
|c BOOK
|
| 999 |
0 |
|
|a Community Law
|